Statistics for Shared Prefixes Quiz #1

Click here to take the quiz!

General Stats

  • This quiz has been taken 37,156 times
    (28,131 since last reset)
  • The average score is 13 of 21

Answer Stats

Words % Correct
{Pro}active, {Pro}noun
91%
{Hypo}thermia, {Hypo}chondria
88%
{Omni}vore, {Omni}potent
83%
{Poly}math, {Poly}gamy
75%
{Super}sonic, {Super}annuated
75%
{Arch}enemy, {Arch}duke
72%
{Sub}divide, {Sub}tropical
70%
{Over}dose, {Over}hang
68%
{Semi}circle, {Semi}final
66%
{Hyper}active, {Hyper}bolic
66%
{Mid}night, {Mid}wife
63%
{Auto}cracy, {Auto}pilot
61%
{Meta}bolism, {Meta}physics
57%
{Pre}calculus, {Pre}diction
56%
{Para}trooper, {Para}bolic
52%
{Uni}corn, {Uni}sex
48%
{Photo}graphy, {Photo}copy
47%
{Socio}path, {Socio}economic
41%
{Micro}wave, {Micro}brew
40%
{Hydro}electric, {Hydro}plane
39%
{Trans}parent, {Trans}fusion
33%

Score Distribution

Percentile by Number Answered

Percent of People with Each Score

Your Score History

You have not taken this quiz since the last reset